[Event "GER-ch U12"]
[Site "Willingen"]
[Date "2021.08.26"]
[Round "6"]
[White "Quartz, Konstantin"]
[Black "Middendorf, Sven Jonas"]
[Result "0-1"]
[WhiteElo "1027"]
[BlackElo "1407"]
[PlyCount "100"]
[EventDate "2021.08.22"]
[EventType "swiss"]
[EventRounds "9"]
[EventCountry "GER"]
[SourceTitle "EXT 2022"]
[Source "ChessBase"]
[SourceDate "2021.10.06"]
[SourceVersion "1"]
[SourceVersionDate "2021.10.06"]
[SourceQuality "1"]

1. e4 e5 2. Nf3 Nc6 3. Bc4 Bc5 4. c3 Nf6 5. d4 exd4 6. 0-0 0-0 7. Bg5 d6 8. h3 Ne5 9. Nbd2 Be6 10. Bb3 dxc3 11. bxc3 h6 12. Bh4 Ng6 13. Re1 Nxh4 14. Nxh4 Bxb3 15. axb3 Re8 16. Qf3 Nd7 17. Qg3 Qg5 18. Nf1 Nf6 19. Nf3 Qxg3 20. Nxg3 Re7 21. b4 Bb6 22. Nf5 Rxe4 23. Rxe4 Nxe4 24. c4 Bxf2+ 25. Kh2 Bb6 26. Ne7+ Kf8 27. Nd5 Ng5 28. Nxg5 hxg5 29. Nxb6 cxb6 30. Kg3 Rc8 31. Rxa7 Rxc4 32. Rxb7 Rxb4 33. Rd7 Rb1 34. Kf3 b5 35. Ke4 b4 36. Kd5 b3 37. Rb7 b2 38. Kxd6 Rd1+ 39. Kc7 b1Q 40. Rxb1 Rxb1 41. Kd6 Re1 42. Kc7 Rd1 43. Kb8 Rc1 44. Ka8 Rb1 45. Ka7 Ke7 46. Ka6 Kd6 47. Ka5 Kc5 48. Ka4 Rb8 49. Ka3 Kc4 50. Ka4 Ra8# 0-1